000 00534nam a2200181Ia 4500
008 151202s9999||||xx |||||||||||||| ||und||
082 _bPNVM-21281
100 _aनाडकर्णी ज्ञानेश्वर.
245 _aकोंडी.
260 _b---
260 _c0
300 _a0
600 _aनाडकर्णी ज्ञानेश्वर.
630 _aकोंडी.
700 _aनाडकर्णी ज्ञानेश्वर.
730 _aकोंडी.
942 _cBOOK
999 _c1287258
_d1287255